000 00448nam a2200157Ia 4500
008 210210b1968 xxu||||| |||| 00| 0 eng d
020 _a0 333 02036 7
082 _a820.9 DYSY
100 _aDYSON (A E), Ed.
245 _aYeats last poems: a casebook ed by Jon Stallworthy.
260 _aLondon
_bMacmillan Press Ltd
_c1968
300 _a280
650 _aYeats Poems critical Essays Case Book
690 _aEnglish Criticism
906 _a056051
999 _c103694
_d103694